000 00336nam a2200145 4500
008 190524s1969||||CZ d
100 1 _aŠamanek Soukup
_91153
245 1 0 _aStavební výkresy pozemních staveb
260 _bSNTL
_aPraha
_c1969
250 _a1.vydanie
020 _c0
041 1 _acze
044 _aCZ
958 _aAUL
999 _c22456
_d22456